La palabra viva de Dios / (Record no. 189439)

MARC details
000 -LEADER
campo de control de longitud fija 00732nam a2200205 i 4500
001 - NÚMERO DE CONTROL
campo de control 189439
003 - IDENTIFICADOR DE NÚMERO DE CONTROL
campo de control ES-MaACL
005 - FECHA Y HORA DE LA ÚLTIMA TRANSACCIÓN
campo de control 20230906223455.0
008 - DATOS DE LONGITUD FIJA--INFORMACIÓN GENERAL
campo de control de longitud fija 190603s1971 sp |||| | spa d
100 1# - ENTRADA PRINCIPAL--NOMBRE DE PERSONA
Nombre de persona Jones, Alexander.
9 (RLIN) 167194
245 13 - MENCIÓN DEL TÍTULO
Título La palabra viva de Dios /
Mención de responsabilidad, etc. Alexander Jones ; [versión por Alfredo Oltra].
260 ## - PUBLICACIÓN, DISTRIBUCIÓN, ETC.
Lugar de publicación, distribución, etc. Estella :
Nombre del editor, distribuidor, etc. Verbo Divino,
Fecha de publicación, distribución, etc. [1971]
300 ## - DESCRIPCIÓN FÍSICA
Extensión 291 p. ;
Dimensiones 19 cm.
490 1# - MENCIÓN DE SERIE
Mención de serie Colección Biblia y Korygma. Temas de Pastoral Biblica ;
Designación de volumen o secuencia 14
630 04 - PUNTO DE ACCESO ADICIONAL DE MATERIA--TÍTULO UNIFORME
Título uniforme Biblia-
Subdivisión general Crítica e interpretación.
9 (RLIN) 119239
700 0# - ENTRADA AGREGADA--NOMBRE PERSONAL
Nombre de persona Oltra, Alfredo M.
9 (RLIN) 87020
830 0# - PUNTO DE ACCESO ADICIONAL DE SERIE-TÍTULO UNIFORME
Título uniforme Colección Biblia y Korygma. Temas de Pastoral Biblica ;
Designación de volumen o secuencia 14
9 (RLIN) 225832
852 ## - LOCALIZACIÓN
Ubicación ES-MaACL
Número de control de estantería P-565-Bis-14
Holdings
Estatus retirado Estado de pérdida Estado de daño No para préstamo Biblioteca de origen Biblioteca actual Ubicación en estantería Fecha de adquisición Fuente de adquisición Total de préstamos Signatura topográfica completa Código de barras Visto por última vez Precio de reemplazo Tipo de ítem Koha
        Biblioteca del Ateneo de Madrid Biblioteca del Ateneo de Madrid Depósito 2 03/06/2019     P-565-Bis-14 1200714 23/02/2023 23/02/2023 Libro impreso